Educational accountability through evaluation

Guardat en:
Dades bibliogràfiques
Autor principal: Roberson, E. Wayne (Autor)
Format: Llibre
Idioma:anglès
Publicat: Englewood Cliffs Educational Technology Publications 1971
Matèries:
Etiquetes: Afegir etiqueta
Sense etiquetes, Sigues el primer a etiquetar aquest registre!

MARC

LEADER 00000nam a2200000 a 4500
001 UCU1573
003 CL-VaPUC
008 960409e19710000US |||||||||||||||||eng|d
082 0 4 |a 371.26  |b ROB  |2 21 
100 0 |a Roberson, E. Wayne  |e author  |9 357215 
245 1 0 |a Educational accountability through evaluation 
300 |a 107 p 
942 |c BK 
945 |d 19960409 00:00:00  |a lriquelm 
260 |a Englewood Cliffs  |b Educational Technology Publications  |c 1971 
650 0 |a Evaluación de la educación   |9 237505 
650 0 |a Administración de la enseñanza   |9 261034 
650 0 |a Contabilidad   |9 261430 
650 0 |a Planificación de la educación   |9 307333 
583 |a last modification  |c 20130415 09:51:47  |k Rodrigo Vera 
999 |c 246135  |d 246133 
952 |0 0  |1 0  |4 0  |6 371_260000000000000_ROB_1971  |7 0  |8 P  |9 260883  |a BIBEDU  |b BIBEDU  |c BIBEDU_PB  |d 2019-11-19  |i 2013215  |o 371.26 ROB 1971  |p 2013215  |r 2024-01-25  |w 2019-11-19  |y BK  |k EDU